[Event "Plzen Calliditas op"]
[Site "Plzen"]
[Date "2023.08.21"]
[Round "4"]
[White "Hurtak, Otto"]
[Black "Vlk, Miloslav"]
[Result "1-0"]
[WhiteElo "1949"]
[BlackElo "1963"]
[PlyCount "51"]
[EventDate "2023.08.19"]
[EventType "swiss"]
[EventRounds "9"]
[EventCountry "CZE"]
[SourceTitle "EXT 2024"]
[Source "ChessBase"]
[SourceDate "2023.10.10"]
[SourceVersion "1"]
[SourceVersionDate "2023.10.10"]
[SourceQuality "1"]

1. c4 c5 2. Nc3 Nf6 3. g3 d5 4. cxd5 Nxd5 5. Bg2 Nc7 6. e3 e5 7. Nge2 Nc6 8. 0-0 Be7 9. f4 exf4 10. Nxf4 0-0 11. b3 Bf6 12. Ba3 Nb4 13. Rc1 Bf5 14. Nh5 Bxc3 15. dxc3 Qxd1 16. Rcxd1 Bg4 17. cxb4 Bxh5 18. Rd7 Nb5 19. Bb2 cxb4 20. Rd5 Be2 21. Re1 Rfd8 22. Rxe2 Nc3 23. Bxc3 bxc3 24. Rc2 Rxd5 25. Bxd5 Rc8 26. Bxb7 1-0

[Event "Plzen Calliditas op"]
[Site "Plzen"]
[Date "2023.08.21"]
[Round "3"]
[White "Vlk, Miloslav"]
[Black "Eret, Matous"]
[Result "0-1"]
[WhiteElo "1963"]
[BlackElo "2321"]
[PlyCount "60"]
[EventDate "2023.08.19"]
[EventType "swiss"]
[EventRounds "9"]
[EventCountry "CZE"]
[SourceTitle "EXT 2024"]
[Source "ChessBase"]
[SourceDate "2023.10.10"]
[SourceVersion "1"]
[SourceVersionDate "2023.10.10"]
[SourceQuality "1"]

1. c4 Nf6 2. Nc3 d6 3. g3 Nbd7 4. Bg2 e5 5. d4 c6 6. e4 Be7 7. Nf3 0-0 8. 0-0 Re8 9. h3 Bf8 10. Be3 a5 11. Qc2 Qc7 12. Rac1 Qb8 13. Rfd1 h6 14. b3 b5 15. cxb5 cxb5 16. Nd5 Nxd5 17. exd5 e4 18. Nd2 f5 19. g4 Nf6 20. gxf5 Bxf5 21. Nf1 Nxd5 22. Ng3 Bh7 23. Bxe4 Bxe4 24. Nxe4 Nxe3 25. fxe3 d5 26. Nc5 Rxe3 27. Qf2 Rg3+ 28. Kf1 Ra7 29. Ke2 Rf7 30. Qh2 Re3+ 0-1

[Event "Pilsen Region-chT 2223"]
[Site "Czech Republic"]
[Date "2022.11.13"]
[Round "3.3"]
[White "Vlk, Miloslav"]
[Black "Marik, Jiri"]
[Result "0-1"]
[WhiteElo "1938"]
[BlackElo "2008"]
[PlyCount "43"]
[EventDate "2022.10.09"]
[EventType "team-tourn"]
[EventRounds "11"]
[EventCountry "CZE"]
[SourceTitle "EXT 2024"]
[Source "ChessBase"]
[SourceDate "2023.10.10"]
[SourceVersion "1"]
[SourceVersionDate "2023.10.10"]
[SourceQuality "1"]
[WhiteTeam "HerNyr"]
[BlackTeam "Loko"]
[WhiteTeamCountry "CZE"]
[BlackTeamCountry "CZE"]

1. c4 c5 2. Nc3 Nf6 3. g3 g6 4. Bg2 Bg7 5. Nf3 Nc6 6. 0-0 d6 7. d4 cxd4 8. Nxd4 Bd7 9. e4 0-0 10. h3 Qc8 11. Kh2 Nxd4 12. Be3 Nc6 13. Rc1 Qd8 14. Qb3 Rb8 15. Rfd1 Qa5 16. a3 Qh5 17. Nd5 Ng4+ 18. Kg1 Nxe3 19. Qxe3 Bh6 20. f4 Bxh3 21. b4 Rfe8 22. Rc2 0-1

[Event "Plzen op"]
[Site "Plzen"]
[Date "2021.08.27"]
[Round "7"]
[White "Burda, Otto"]
[Black "Vlk, Miloslav"]
[Result "0-1"]
[WhiteElo "1797"]
[BlackElo "1965"]
[PlyCount "70"]
[EventDate "2021.08.23"]
[EventType "swiss"]
[EventRounds "9"]
[EventCountry "CZE"]
[SourceTitle "CBM 204 Extra"]
[Source "ChessBase"]
[SourceDate "2021.11.30"]
[SourceVersion "1"]
[SourceVersionDate "2021.11.30"]
[SourceQuality "1"]

1. d4 d5 2. Nd2 Nf6 3. c4 c6 4. Ngf3 Bf5 5. e3 e6 6. cxd5 exd5 7. Be2 Bd6 8. 0-0 0-0 9. b3 Nbd7 10. Bb2 Re8 11. Rc1 h6 12. h3 Re6 13. Ne1 Qe7 14. Bd3 Bxd3 15. Nxd3 Ne4 16. Nf3 Re8 17. Rc2 Ng5 18. Nfe5 f6 19. f4 fxe5 20. dxe5 Bc5 21. Nxc5 Nxc5 22. fxg5 Qxg5 23. Rcf2 Ne4 24. Rf4 Rg6 25. Qc2 Qh5 26. Rxe4 dxe4 27. Qxe4 Qg5 28. Qf3 Kh7 29. Rf2 Rge6 30. Qf5+ Qxf5 31. Rxf5 Kg6 32. g4 c5 33. Kf2 Rd8 34. Ke2 Rd7 35. Rf4 b5 0-1

[Event "Plzen op"]
[Site "Plzen"]
[Date "2021.08.24"]
[Round "3"]
[White "Kubat, Miroslav"]
[Black "Vlk, Miloslav"]
[Result "1-0"]
[WhiteElo "2012"]
[BlackElo "1965"]
[PlyCount "65"]
[EventDate "2021.08.23"]
[EventType "swiss"]
[EventRounds "9"]
[EventCountry "CZE"]
[SourceTitle "CBM 204 Extra"]
[Source "ChessBase"]
[SourceDate "2021.11.30"]
[SourceVersion "1"]
[SourceVersionDate "2021.11.30"]
[SourceQuality "1"]

1. e4 e5 2. f4 exf4 3. Nf3 d5 4. exd5 Nf6 5. Bb5+ Bd7 6. Qe2+ Qe7 7. Bxd7+ Nbxd7 8. Qxe7+ Bxe7 9. c4 0-0-0 10. 0-0 Rhe8 11. Nc3 h6 12. d4 g5 13. Bd2 Bb4 14. Rfe1 Bxc3 15. Bxc3 Ne4 16. Bb4 f5 17. b3 b6 18. Rac1 Rh8 19. Ne5 Rh7 20. Nc6 Re8 21. Nxa7+ Kb7 22. Nb5 g4 23. Rf1 f3 24. gxf3 gxf3 25. Rxf3 Rg7+ 26. Kf1 Reg8 27. Re1 Rg1+ 28. Ke2 R8g2+ 29. Ke3 Rxe1+ 30. Bxe1 Rxa2 31. Rxf5 Ndf6 32. Bh4 c6 33. dxc6+ 1-0

[Event "Plzen op"]
[Site "Plzen"]
[Date "2021.08.24"]
[Round "2"]
[White "Vlk, Miloslav"]
[Black "Pokrupa, Marek"]
[Result "0-1"]
[WhiteElo "1965"]
[BlackElo "2137"]
[PlyCount "68"]
[EventDate "2021.08.23"]
[EventType "swiss"]
[EventRounds "9"]
[EventCountry "CZE"]
[SourceTitle "CBM 204 Extra"]
[Source "ChessBase"]
[SourceDate "2021.11.30"]
[SourceVersion "1"]
[SourceVersionDate "2021.11.30"]
[SourceQuality "1"]

1. c4 c5 2. Nc3 g6 3. g3 Bg7 4. Bg2 Nc6 5. Nf3 e5 6. 0-0 d6 7. d3 Nge7 8. e4 0-0 9. a3 a5 10. h3 Rb8 11. Bd2 f5 12. Bg5 h6 13. Bxe7 Qxe7 14. Nh4 Kh7 15. Nd5 Qf7 16. b4 f4 17. bxc5 dxc5 18. Rb1 Nd4 19. Nf3 g5 20. Nxd4 exd4 21. Qf3 Be5 22. g4 h5 23. Rb6 hxg4 24. hxg4 Kg7 25. Rfb1 Rh8 26. Qe2 Rh4 27. f3 Bc7 28. R6b5 b6 29. Qb2 Rh6 30. Nxc7 Qxc7 31. Rxa5 Bd7 32. Qb3 Bxg4 33. Qb5 Bd7 34. Qxc5 bxc5 0-1

[Event "Plzen op 10th"]
[Site "Plzen"]
[Date "2018.11.22"]
[Round "5"]
[White "Vachal, Josef1111"]
[Black "Vlk, Miloslav"]
[Result "0-1"]
[WhiteElo "1807"]
[BlackElo "1978"]
[PlyCount "72"]
[EventDate "2018.11.18"]
[EventType "swiss"]
[EventRounds "9"]
[EventCountry "CZE"]
[SourceTitle "CBM 189 Extra"]
[Source "ChessBase"]
[SourceDate "2019.06.03"]
[SourceVersion "1"]
[SourceVersionDate "2019.06.03"]
[SourceQuality "1"]

1. Nf3 d5 2. d4 Nf6 3. g3 Bf5 4. Bg2 e6 5. 0-0 c5 6. c4 Nc6 7. Nc3 Be7 8. cxd5 Nxd5 9. Nxd5 exd5 10. dxc5 0-0 11. Be3 Be4 12. Rc1 Qa5 13. Qb3 Qa6 14. Rfe1 Rfd8 15. Bf1 d4 16. Bxd4 Rxd4 17. Nxd4 Nxd4 18. Qe3 Qg6 19. Qxd4 Bf6 20. Qb4 a5 21. Qb6 Ra6 22. Qc7 h5 23. e3 Re6 24. b3 h4 25. Bg2 hxg3 26. Qxg3 Qh5 27. Bxe4 Rxe4 28. f3 Re5 29. f4 Bh4 30. Qg2 Re6 31. Qxb7 Rg6+ 32. Kf1 Bxe1 33. Kxe1 Qxh2 34. Qa8+ Kh7 35. Qe4 Kh6 36. Rc2 Rg1# 0-1

[Event "Plzen op 10th"]
[Site "Plzen"]
[Date "2018.11.18"]
[Round "1"]
[White "Ochedzan, Robert"]
[Black "Vlk, Miloslav"]
[Result "0-1"]
[WhiteElo "1562"]
[BlackElo "1978"]
[PlyCount "166"]
[EventDate "2018.11.18"]
[EventType "swiss"]
[EventRounds "9"]
[EventCountry "CZE"]
[SourceTitle "CBM 189 Extra"]
[Source "ChessBase"]
[SourceDate "2019.06.03"]
[SourceVersion "1"]
[SourceVersionDate "2019.06.03"]
[SourceQuality "1"]

1. c4 c5 2. g3 Nf6 3. Nc3 d5 4. cxd5 Nxd5 5. Bg2 Nc7 6. e3 e5 7. Nge2 Nc6 8. 0-0 Be7 9. b3 0-0 10. Bb2 f6 11. h3 Bf5 12. Ne4 Qd3 13. Nc1 Qd7 14. Kh2 Rfd8 15. Bc3 Nd5 16. Qe2 Rac8 17. f4 exf4 18. gxf4 Bg6 19. Rg1 f5 20. Ng5 Nxc3 21. dxc3 Bf6 22. Qc4+ Kh8 23. Ne2 h6 24. Nf3 Qe7 25. Rae1 a6 26. Nc1 b5 27. Qe2 Bxc3 28. Rd1 Bh5 29. Nd3 Qe4 30. Nxc5 Qe7 31. Nxa6 b4 32. Qb5 Qxe3 33. Rxd8+ Nxd8 34. Qd7 Qxf4+ 35. Kh1 Ra8 36. Nc7 Rxa2 37. Qxd8+ Kh7 38. Ne6 Qe3 39. Nf8+ Kg8 40. Ne6+ Kf7 41. Nh4 Rxg2 42. Qd7+ Kf6 43. Qd8+ Kxe6 44. Qc8+ Kf7 45. Qb7+ Kg8 46. Qxg2 Qe4 47. Qxe4 fxe4 48. Rc1 e3 49. Kg1 e2 50. Ng2 Bf7 51. Rb1 Bd5 52. Ne1 Bd4+ 53. Kh2 Bf2 54. h4 h5 55. Kh3 Kf7 56. Kh2 Bxh4 57. Kg1 Bg3 58. Ra1 Be4 59. Ra2 Bxe1 60. Rxe2 Bc3 61. Rxe4 Kf6 62. Kg2 g5 63. Rc4 Kf5 64. Kf3 g4+ 65. Kg3 Be1+ 66. Kg2 h4 67. Kf1 Bc3 68. Kg1 h3 69. Kf2 h2 70. Kg2 g3 71. Rh4 Ke5 72. Rh3 Kf4 73. Rh4+ Ke3 74. Rh3 Be1 75. Rh4 Kd3 76. Rc4 Bc3 77. Rg4 Be1 78. Rc4 Ke3 79. Rh4 Ke2 80. Re4+ Kd1 81. Rc4 Bc3 82. Rh4 Kc2 83. Rh8 Bxh8 0-1

[Event "Plzen op 9th"]
[Site "Plzen"]
[Date "2017.11.22"]
[Round "4"]
[White "Vlk, Miloslav"]
[Black "Murray, Jim G"]
[Result "1-0"]
[WhiteElo "2000"]
[BlackElo "1874"]
[PlyCount "71"]
[EventDate "2017.11.19"]
[EventType "swiss"]
[EventRounds "7"]
[EventCountry "CZE"]
[SourceTitle "CBM 181 Extra"]
[Source "ChessBase"]
[SourceDate "2017.12.12"]
[SourceVersion "1"]
[SourceVersionDate "2017.12.12"]
[SourceQuality "1"]

1. c4 Nf6 2. Nc3 g6 3. g3 Bg7 4. Bg2 c6 5. Nf3 0-0 6. 0-0 d6 7. d4 Bg4 8. h3 Bxf3 9. Bxf3 Nbd7 10. h4 Rc8 11. h5 Nxh5 12. Bxh5 gxh5 13. e4 e5 14. d5 cxd5 15. cxd5 h4 16. Qh5 hxg3 17. fxg3 f6 18. Kg2 Rf7 19. Be3 a6 20. Rf2 b5 21. g4 Qe7 22. Rh1 Nf8 23. Ne2 Rc2 24. Ng3 Rxf2+ 25. Kxf2 Qc7 26. Rc1 Qa5 27. a3 b4 28. axb4 Qxb4 29. Rc2 Qb8 30. Nf5 Rb7 31. Kf3 Qd8 32. Rc6 Rxb2 33. Rxd6 Qa5 34. Ne7+ Kh8 35. Qf7 Qe1 36. Qg8# 1-0

[Event "Plzen op 6th"]
[Site "Plzen"]
[Date "2014.11.27"]
[Round "5"]
[White "Klucznik, Andre"]
[Black "Vlk, Miloslav"]
[Result "0-1"]
[WhiteElo "1722"]
[BlackElo "1956"]
[PlyCount "64"]
[EventDate "2014.11.23"]
[EventType "swiss"]
[EventRounds "7"]
[EventCountry "CZE"]
[SourceTitle "CBM 163 Extra"]
[Source "ChessBase"]
[SourceDate "2014.12.23"]
[SourceVersion "1"]
[SourceVersionDate "2014.12.23"]
[SourceQuality "1"]

1. e4 e5 2. Nf3 Nf6 3. Nc3 Bb4 4. d3 Nc6 5. Be2 d5 6. exd5 Nxd5 7. Bd2 0-0 8. Nxd5 Bxd2+ 9. Nxd2 Qxd5 10. Bf3 Qc5 11. Nb3 Qd6 12. 0-0 Bf5 13. Re1 Rfe8 14. Qd2 Rad8 15. Qc3 Bd7 16. a3 b6 17. Rad1 a5 18. g3 a4 19. Nd2 Nd4 20. Bg2 Bg4 21. f3 Bh5 22. Re3 c5 23. Rde1 f6 24. Ne4 Qd7 25. Nf2 Qc7 26. b3 axb3 27. cxb3 Qa7 28. b4 cxb4 29. Qxb4 Bf7 30. Qb2 Rc8 31. Rb1 b5 32. Ree1 Rc2 0-1

[Event "Plzen op 6th"]
[Site "Plzen"]
[Date "2014.11.24"]
[Round "2"]
[White "Kaiser, Dieter"]
[Black "Vlk, Miloslav"]
[Result "1/2-1/2"]
[WhiteElo "2254"]
[BlackElo "1956"]
[PlyCount "99"]
[EventDate "2014.11.23"]
[EventType "swiss"]
[EventRounds "7"]
[EventCountry "CZE"]
[SourceTitle "CBM 163 Extra"]
[Source "ChessBase"]
[SourceDate "2014.12.23"]
[SourceVersion "1"]
[SourceVersionDate "2014.12.23"]
[SourceQuality "1"]

1. d4 d5 2. c4 c6 3. Nf3 Nf6 4. Nc3 dxc4 5. a4 Bf5 6. e3 e6 7. Bxc4 Bb4 8. 0-0 0-0 9. Qe2 Bg4 10. h3 Bh5 11. Rd1 Qa5 12. Bd2 Rd8 13. Bd3 c5 14. Ne4 cxd4 15. Nxf6+ gxf6 16. Bxb4 Qxb4 17. g4 Bg6 18. Nxd4 Nc6 19. Nxc6 bxc6 20. Bc4 Rxd1+ 21. Rxd1 Qxa4 22. b3 Qa5 23. Qf3 Qe5 24. Qxc6 Be4 25. Qd6 a5 26. Qxe5 fxe5 27. Kh2 a4 28. bxa4 Rxa4 29. Bd3 Bxd3 30. Rxd3 Kg7 31. Kg3 Kg6 32. Rb3 Ra5 33. Rb8 h6 34. h4 Rc5 35. h5+ Kg7 36. Rb7 Ra5 37. Rc7 Rb5 38. Ra7 Rc5 39. Rb7 Ra5 40. Rb2 Rc5 41. Rb3 Ra5 42. Kh4 Rc5 43. Rb8 Ra5 44. Rb3 Rc5 45. f4 exf4 46. exf4 Rc4 47. Kg3 Kf6 48. Kf3 Ra4 49. Rc3 Rb4 50. Ra3 1/2-1/2

[Event "Plzen op 6th"]
[Site "Plzen"]
[Date "2014.11.23"]
[Round "1"]
[White "Vlk, Miloslav"]
[Black "Stankova, Zuzana"]
[Result "1-0"]
[WhiteElo "1956"]
[BlackElo "1562"]
[PlyCount "87"]
[EventDate "2014.11.23"]
[EventType "swiss"]
[EventRounds "7"]
[EventCountry "CZE"]
[SourceTitle "CBM 163 Extra"]
[Source "ChessBase"]
[SourceDate "2014.12.23"]
[SourceVersion "1"]
[SourceVersionDate "2014.12.23"]
[SourceQuality "1"]

1. c4 Nf6 2. Nc3 g6 3. g3 Bg7 4. Bg2 0-0 5. Nf3 d6 6. d4 Nbd7 7. 0-0 e5 8. b3 Re8 9. e3 c6 10. Bb2 e4 11. Nd2 d5 12. cxd5 cxd5 13. Rc1 a6 14. Na4 Nf8 15. Qc2 Re7 16. Ba3 Re6 17. Qc7 Qxc7 18. Rxc7 Rc6 19. Rxc6 bxc6 20. Rc1 Bd7 21. Nb6 Ra7 22. Nxd7 N8xd7 23. Rxc6 a5 24. Rc8+ Bf8 25. Bf1 Kg7 26. Bxf8+ Nxf8 27. Nb1 Ne6 28. Nc3 Nc7 29. a3 Rb7 30. b4 axb4 31. axb4 Nfe8 32. Nxd5 Nxd5 33. Rxe8 f5 34. b5 Rb6 35. Rc8 Nb4 36. Bc4 Kf6 37. h4 h5 38. Kf1 g5 39. hxg5+ Kxg5 40. Be2 h4 41. Rg8+ Rg6 42. gxh4+ Kf6 43. Rxg6+ Kxg6 44. h5+ 1-0

[Event "Plzen op 5th"]
[Site "Plzen"]
[Date "2013.11.28"]
[Round "5"]
[White "Vlk, Miloslav"]
[Black "Nemcova, Kamila"]
[Result "0-1"]
[WhiteElo "2006"]
[BlackElo "1605"]
[PlyCount "62"]
[EventDate "2013.11.24"]
[EventType "swiss"]
[EventRounds "7"]
[EventCountry "CZE"]
[SourceTitle "CBM 157 Extra"]
[Source "ChessBase"]
[SourceDate "2013.12.19"]
[SourceVersion "1"]
[SourceVersionDate "2013.12.19"]
[SourceQuality "1"]

1. c4 e5 2. Nc3 Nf6 3. Nf3 Nc6 4. e3 d5 5. cxd5 Nxd5 6. Bb5 f6 7. Nxe5 fxe5 8. Qh5+ Ke7 9. b3 Be6 10. 0-0 Qe8 11. Qg5+ Nf6 12. Ba3+ Kd8 13. Ne4 Bxa3 14. d4 Qe7 15. Bxc6 bxc6 16. Qxe5 Nxe4 17. Qxe4 Bd5 18. Qd3 Qe4 19. Qxe4 Bxe4 20. f3 Bg6 21. e4 Ke7 22. Rf2 Rhd8 23. Rc2 Rd6 24. Rc4 Rad8 25. Rd1 Bb2 26. d5 cxd5 27. Rxc7+ R8d7 28. Rc2 Bf6 29. Re2 dxe4 30. Rde1 Bd4+ 31. Kh1 e3 0-1

[Event "Plzen op 5th"]
[Site "Plzen"]
[Date "2013.11.27"]
[Round "4"]
[White "Zak, Jiri"]
[Black "Vlk, Miloslav"]
[Result "1-0"]
[WhiteElo "1684"]
[BlackElo "2006"]
[PlyCount "63"]
[EventDate "2013.11.24"]
[EventType "swiss"]
[EventRounds "7"]
[EventCountry "CZE"]
[SourceTitle "CBM 157 Extra"]
[Source "ChessBase"]
[SourceDate "2013.12.19"]
[SourceVersion "1"]
[SourceVersionDate "2013.12.19"]
[SourceQuality "1"]

1. d4 Nf6 2. c4 e5 3. dxe5 Ng4 4. Bf4 g5 5. Bg3 Nc6 6. Nf3 Bg7 7. Qd2 Ngxe5 8. Nxe5 Nxe5 9. e3 d6 10. Nc3 Be6 11. b3 Qf6 12. Rc1 0-0-0 13. Nd5 Bxd5 14. cxd5 Kb8 15. Be2 h5 16. h4 g4 17. Bxe5 Qxe5 18. g3 Rhe8 19. 0-0 Re7 20. Rc2 Qf5 21. Rd1 Be5 22. Bf1 Rde8 23. Bg2 Qd7 24. Rdc1 Qb5 25. Bf1 Qb6 26. Kg2 Bg7 27. Rc4 Re4 28. Bd3 Rxc4 29. Rxc4 Re5 30. Rb4 Qc5 31. Rb5 Qa3 32. Ra5 1-0

[Event "Plzen op 5th"]
[Site "Plzen"]
[Date "2013.11.26"]
[Round "3"]
[White "Vlk, Miloslav"]
[Black "Simet, Martin"]
[Result "0-1"]
[WhiteElo "2006"]
[BlackElo "1757"]
[PlyCount "42"]
[EventDate "2013.11.24"]
[EventType "swiss"]
[EventRounds "7"]
[EventCountry "CZE"]
[SourceTitle "CBM 157 Extra"]
[Source "ChessBase"]
[SourceDate "2013.12.19"]
[SourceVersion "1"]
[SourceVersionDate "2013.12.19"]
[SourceQuality "1"]

1. c4 e5 2. Nc3 Nf6 3. Nf3 Nc6 4. e3 d5 5. cxd5 Nxd5 6. Bb5 Nxc3 7. bxc3 Bd7 8. 0-0 Bd6 9. d4 e4 10. d5 exf3 11. dxc6 bxc6 12. Bd3 Bxh2+ 13. Kxh2 Qh4+ 14. Kg1 fxg2 15. Kxg2 Bh3+ 16. Kh2 Bg4+ 17. Kg2 Qh3+ 18. Kg1 Bxd1 19. Rxd1 Qg4+ 20. Kh2 Qxd1 21. Bb2 Qxd3 0-1

[Event "Plzen op 4th"]
[Site "Plzen"]
[Date "2012.11.18"]
[Round "1"]
[White "Vlk, Miloslav"]
[Black "Thonig, Manfred"]
[Result "1-0"]
[WhiteElo "2021"]
[BlackElo "1591"]
[PlyCount "113"]
[EventDate "2012.11.18"]
[EventType "swiss"]
[EventRounds "7"]
[EventCountry "CZE"]
[SourceTitle "CBM 151 Extra"]
[Source "ChessBase"]
[SourceDate "2012.12.18"]
[SourceVersion "1"]
[SourceVersionDate "2012.12.18"]
[SourceQuality "1"]

1. c4 e6 2. Nc3 d5 3. d4 Nc6 4. Nf3 Nf6 5. Bg5 Bb4 6. e3 0-0 7. a3 Bxc3+ 8. bxc3 h6 9. Bh4 g5 10. Bg3 Ne4 11. Qc2 Nxg3 12. hxg3 Kg7 13. Bd3 f5 14. 0-0 b6 15. cxd5 exd5 16. c4 dxc4 17. Qxc4 Na5 18. Qc3 Rf6 19. Ne5 Qd6 20. Rac1 c6 21. Rc2 Bb7 22. Rfc1 Rc8 23. Qb2 Qd5 24. Be2 g4 25. Nd3 Qf7 26. Qb4 h5 27. Nf4 c5 28. dxc5 Be4 29. Rd2 Kh6 30. Ba6 Nc6 31. Qb2 Rc7 32. Bc4 Qe7 33. cxb6 Rb7 34. Nd5 Bxd5 35. Bxd5 Rxb6 36. Qc3 Ne5 37. Qc8 Qxa3 38. Rdc2 Rf8 39. Qc7 Rff6 40. Qxe5 Rbd6 41. Kh2 Qd3 42. Rc6 Qa3 43. Rxd6 Rxd6 44. Qxd6+ Qxd6 45. Rc6 Qxc6 46. Bxc6 a5 47. Kg1 Kg5 48. Kf1 h4 49. gxh4+ Kxh4 50. Ke2 Kg5 51. f3 g3 52. Kd3 f4 53. exf4+ Kxf4 54. Kd4 Kf5 55. Ke3 Ke5 56. f4+ Kd6 57. Ba4 1-0

[Event "Hrdonov Fontana op"]
[Site "Hrdonov"]
[Date "2012.10.26"]
[Round "8"]
[White "Kamenik, David"]
[Black "Vlk, Miloslav"]
[Result "0-1"]
[WhiteElo "1867"]
[BlackElo "2021"]
[PlyCount "68"]
[EventDate "2012.10.20"]
[EventType "swiss"]
[EventRounds "9"]
[EventCountry "CZE"]
[SourceTitle "CBM 151 Extra"]
[Source "ChessBase"]
[SourceDate "2012.12.18"]
[SourceVersion "1"]
[SourceVersionDate "2012.12.18"]
[SourceQuality "1"]

1. e4 e5 2. Nf3 Nf6 3. Nc3 Bb4 4. Bc4 0-0 5. d3 d5 6. exd5 Nxd5 7. Bd2 c6 8. 0-0 Re8 9. Re1 Bxc3 10. bxc3 f6 11. h3 Nd7 12. Nh2 N7b6 13. Bb3 Bf5 14. c4 Nc7 15. Qf3 Bg6 16. Bc3 Ne6 17. Rad1 Nd4 18. Qg3 Qd7 19. Bb2 c5 20. Ng4 a5 21. c3 a4 22. cxd4 axb3 23. dxe5 Rxa2 24. exf6 Rxb2 25. fxg7 Kxg7 26. Rxe8 Qxe8 27. Qd6 Nd7 28. Qf4 Re2 29. Ne3 Qf7 30. Qh4 Qf6 31. Qg3 b2 32. Ng4 Qd4 33. Qf3 Rc2 34. Qxb7 Rc1 0-1

[Event "Hrdonov Fontana op"]
[Site "Hrdonov"]
[Date "2012.10.25"]
[Round "7"]
[White "Vlk, Miloslav"]
[Black "Ptacek, Tomas"]
[Result "1/2-1/2"]
[WhiteElo "2021"]
[BlackElo "2007"]
[PlyCount "39"]
[EventDate "2012.10.20"]
[EventType "swiss"]
[EventRounds "9"]
[EventCountry "CZE"]
[SourceTitle "CBM 151 Extra"]
[Source "ChessBase"]
[SourceDate "2012.12.18"]
[SourceVersion "1"]
[SourceVersionDate "2012.12.18"]
[SourceQuality "1"]

1. c4 e6 2. Nc3 d5 3. d4 Nf6 4. Bg5 Be7 5. e3 0-0 6. Nf3 h6 7. Bh4 b6 8. cxd5 exd5 9. Bd3 Bb7 10. 0-0 Nbd7 11. Rc1 c5 12. Qe2 Re8 13. Rfd1 Ne4 14. Bxe7 Qxe7 15. Bb5 Red8 16. Ba6 Bc6 17. Bb5 Bb7 18. Ba6 Bc6 19. Bb5 Bb7 20. Ba6 1/2-1/2

[Event "Sec Svetla op"]
[Site "Sec u Chrudimi"]
[Date "2008.11.01"]
[Round "9"]
[White "Vlk, Miloslav"]
[Black "Snorek, Milan"]
[Result "1-0"]
[WhiteElo "2019"]
[BlackElo "2147"]
[PlyCount "95"]
[EventDate "2008.10.25"]
[EventType "swiss"]
[EventRounds "9"]
[EventCountry "CZE"]
[SourceTitle "EXT 2023"]
[Source "ChessBase"]
[SourceDate "2022.10.05"]
[SourceVersion "1"]
[SourceVersionDate "2022.10.05"]
[SourceQuality "1"]

1. c4 c6 2. d4 d5 3. cxd5 cxd5 4. Nf3 Nf6 5. Nc3 Nc6 6. Bf4 Bf5 7. e3 e6 8. Bb5 Rc8 9. Ne5 Bd6 10. 0-0 0-0 11. Nxc6 bxc6 12. Ba6 Rb8 13. Bxd6 Qxd6 14. Na4 Ng4 15. g3 e5 16. b3 Qh6 17. h4 g5 18. Be2 gxh4 19. Bxg4 hxg3 20. fxg3 Qxe3+ 21. Kh2 Qh6+ 22. Kg2 Be4+ 23. Bf3 exd4 24. Qxd4 Rbe8 25. Nc5 Bf5 26. Rh1 Qg6 27. Qf4 Bc8 28. Rad1 Re7 29. Rd2 f6 30. Bh5 Qg7 31. Re2 Rxe2+ 32. Bxe2 Qe7 33. Qf2 d4 34. Nd3 Qe4+ 35. Qf3 Bf5 36. Kf2 Qe6 37. Nf4 Qd7 38. Bd3 Re8 39. Bxf5 Qxf5 40. Qd3 Re4 41. Qc4+ Kg7 42. Qxc6 Re7 43. Rd1 Qe5 44. Qf3 Rc7 45. Rd2 Rd7 46. Re2 Qd6 47. Qg4+ Kh6 48. Kg1 1-0

[Event "Sec Svetla op"]
[Site "Sec u Chrudimi"]
[Date "2008.10.28"]
[Round "4"]
[White "Marik, Miloslav"]
[Black "Vlk, Miloslav"]
[Result "0-1"]
[WhiteElo "1922"]
[BlackElo "2019"]
[PlyCount "130"]
[EventDate "2008.10.25"]
[EventType "swiss"]
[EventRounds "9"]
[EventCountry "CZE"]
[SourceTitle "EXT 2023"]
[Source "ChessBase"]
[SourceDate "2022.10.05"]
[SourceVersion "1"]
[SourceVersionDate "2022.10.05"]
[SourceQuality "1"]

1. e4 e5 2. Nf3 Nf6 3. Nc3 Bb4 4. Nd5 Nxd5 5. exd5 e4 6. Nd4 0-0 7. Be2 Qg5 8. 0-0 Qxd5 9. c3 Be7 10. d3 exd3 11. Bxd3 Bf6 12. Nb5 Qc6 13. Be3 b6 14. Nd4 Bxd4 15. Bxd4 Ba6 16. Re1 Bxd3 17. Qxd3 Qg6 18. Qxg6 hxg6 19. Re7 Rd8 20. Rd1 Nc6 21. Re4 Re8 22. Rxe8+ Rxe8 23. Kf1 f6 24. f4 Re4 25. Bf2 d6 26. g3 Kf7 27. Rd2 Ke6 28. Kg2 Ne7 29. Kf3 d5 30. b3 c5 31. h3 f5 32. a3 Kd6 33. Rd1 Kc6 34. g4 a5 35. a4 b5 36. axb5+ Kxb5 37. gxf5 gxf5 38. Rg1 g6 39. Bh4 d4 40. cxd4 cxd4 41. Bxe7 Rxe7 42. Rxg6 Re3+ 43. Kf2 Rxh3 44. Rg5 Rxb3 45. Rxf5+ Kb4 46. Rd5 Rb2+ 47. Ke1 Kc3 48. Rxa5 Rb1+ 49. Kf2 d3 50. Rc5+ Kd4 51. Rc8 d2 52. Rd8+ Kc3 53. Rc8+ Kb2 54. Rd8 Kc2 55. Rc8+ Kd1 56. Rc5 Rb2 57. f5 Rc2 58. Ra5 Rc4 59. Ra1+ Kc2 60. Ke2 Re4+ 61. Kf3 Re1 62. Ra2+ Kc3 63. Rxd2 Kxd2 64. Kf4 Kd3 65. f6 Kd4 0-1

[Event "Sec Svetla op"]
[Site "Sec u Chrudimi"]
[Date "2008.10.27"]
[Round "3"]
[White "Vlk, Miloslav"]
[Black "Hajek, Jaroslav"]
[Result "0-1"]
[WhiteElo "2019"]
[BlackElo "1925"]
[PlyCount "44"]
[EventDate "2008.10.25"]
[EventType "swiss"]
[EventRounds "9"]
[EventCountry "CZE"]
[SourceTitle "EXT 2023"]
[Source "ChessBase"]
[SourceDate "2022.10.05"]
[SourceVersion "1"]
[SourceVersionDate "2022.10.05"]
[SourceQuality "1"]

1. c4 Nf6 2. Nc3 e6 3. e4 d6 4. d4 Nbd7 5. f4 e5 6. Nf3 exd4 7. Qxd4 Nc5 8. Be2 Be7 9. 0-0 0-0 10. b3 b6 11. Bb2 Bb7 12. e5 dxe5 13. Qxd8 Rfxd8 14. fxe5 Nfe4 15. Rad1 Nxc3 16. Bxc3 Ne4 17. Bd4 Rd7 18. Rd3 Rad8 19. Rfd1 Nc5 20. R3d2 Bxf3 21. Bxf3 Bg5 22. Bc6 Rxd4 0-1